000 00590nam a2200217Ia 4500
005 20250508154829.0
008 008 250505s9999 xx 000 0 eng d
037 _aTextual
040 _aFEDL
_beng
_cFEDL
041 _aeng
_2eng
084 _a370.15, MOR
_qFEDL
100 _aMorse William C.
245 0 _aPsychology and teaching
250 _a2nd
260 _aGlenview
_bScott, Foresman and Company
_c1955
300 _a528p.
650 _aEducation - Psychology
700 _a Wingo G. Max
_9766211
942 _cTEXL
_h370.15, MOR
999 _c1352362
_d1352362